| 000 | 01980nam a22002537a 4500 | ||
|---|---|---|---|
| 003 | OSt | ||
| 005 | 20210712153501.0 | ||
| 007 | ta | ||
| 008 | 201104b 2020 dr 00| 0 eng d | ||
| 040 |
_aDO-SdBNP _bspa _cBNPHU |
||
| 082 | 4 |
_a327.7293 _bP273u 2020-2024 _222 |
|
| 100 | 1 |
_aAbinader Corona, Luis Rodolfo, _d1967- _977144 |
|
| 110 | 2 |
_aPartido Revolucionario Moderno (República Dominicana) _979111 |
|
| 245 | 1 | 0 |
_aUna política exterior para el gobierno del cambio : _bPartido Revolucionario Moderno (PRM), 2020-2024 / _cLuis Rodolfo Abinader Corona. |
| 260 |
_aSanto Domingo : _bPRM, _c2020. |
||
| 300 |
_a101 p. ; _c27 cm. |
||
| 505 | 0 |
_aIntroducción -- _tPropuestas para un nuevo enfoque -- _tProfesionalizar y modernizar el Ministerio de Relaciones Exteriores -- _tEstablecer una política coherente para la comunidad dominicana en el exterior -- _tAgenda de futuro con Haití -- _tRecomponer los lazos con la comunidad del Caribe (CARICOM) -- _tFortalecer la relación estratégica con Estados Unidos de América -- _tProfundizar la relación con Centroamérica -- _tIncrementar los lazos con Latinoamericana -- _tVigorizar los vínculos con Europa -- _tDedicar atención a una relación importante: Canadá -- _tDinamizar los lazos con la India, Japón, Corea del Sur y otras naciones asiáticas -- _tEstablecer una política coherente hacia la República Popular China -- _tConsolidar las relaciones con los países del Oriente Medio e inmediaciones -- _tPromover las relaciones con África y Oceanía -- _tIdentificar nuestra presencia en los organismos internacionales -- _tDelimitar el territorio marítimo dominicano -- |
|
| 590 | _aInventariado, 2020 /LP | ||
| 651 | 4 |
_aRepública Dominicana _xPolítica exterior _y2020-2024 _979112 |
|
| 651 | 4 |
_aRepública Dominicana _xPolítica y gobierno _y2020-2024 _979113 |
|
| 710 | 2 |
_aPartido Revolucionario Moderno (PRM), República Dominicana. _977151 |
|
| 910 | _aLopérez. Validado. Control de calidad MFF | ||
| 942 |
_2ddc _cLBS1 |
||
| 999 |
_c49066 _d49066 |
||